[Event "Scarborough CC Winter End"]
[Site "Toronto"]
[Date "2012.03.15"]
[Round "5"]
[White "Bellissimo, Joseph F"]
[Black "Nasirov, Ilyas"]
[Result "0-1"]
[WhiteElo "1903"]
[BlackElo "2003"]
[PlyCount "62"]
[EventDate "2012.02.16"]
[EventType "swiss"]
[EventRounds "5"]
[EventCountry "CAN"]
[SourceTitle "EXT 2022"]
[Source "ChessBase"]
[SourceDate "2021.10.06"]
[SourceVersion "1"]
[SourceVersionDate "2021.10.06"]
[SourceQuality "1"]

1. e4 e6 2. d4 d5 3. e5 c5 4. c3 Nc6 5. Nf3 Qb6 6. a3 a5 7. Bd3 Bd7 8. 0-0 cxd4 9. cxd4 Nxd4 10. Nxd4 Qxd4 11. Nc3 Qb6 12. Kh1 Ne7 13. f4 d4 14. Ne2 Bc6 15. f5 exf5 16. Bxf5 Nxf5 17. Rxf5 0-0-0 18. Nf4 Rd7 19. Qg4 Qb3 20. Rxf7 h5 21. Rxf8+ Rxf8 22. Qxh5 g5 23. e6 Re7 24. h3 gxf4 25. Qh6 Qd1+ 26. Kh2 Rg8 27. Qf8+ Rxf8 28. b4 Qf1 29. Ra2 Rg8 30. Bxf4 Rxg2+ 31. Rxg2 Qxg2# 0-1

[Event "Scarborough CC Winter End"]
[Site "Toronto"]
[Date "2012.02.23"]
[Round "2"]
[White "Morra, Lui"]
[Black "Nasirov, Ilyas"]
[Result "0-1"]
[WhiteElo "1705"]
[BlackElo "2003"]
[PlyCount "62"]
[EventDate "2012.02.16"]
[EventType "swiss"]
[EventRounds "5"]
[EventCountry "CAN"]
[SourceTitle "EXT 2022"]
[Source "ChessBase"]
[SourceDate "2021.10.06"]
[SourceVersion "1"]
[SourceVersionDate "2021.10.06"]
[SourceQuality "1"]

1. b3 e6 2. Bb2 d5 3. Nf3 Nf6 4. e3 Bd6 5. d4 0-0 6. a3 b6 7. b4 c5 8. bxc5 bxc5 9. dxc5 Bxc5 10. Nc3 Qb6 11. Bc1 Qa5 12. Bd2 Qc7 13. Bd3 e5 14. e4 Bb7 15. exd5 e4 16. Nxe4 Nxe4 17. 0-0 Bxd5 18. c4 Bc6 19. Qc2 Nf6 20. Bg5 Nbd7 21. Nh4 h6 22. Bd2 Ne5 23. Be2 Rad8 24. Rad1 Neg4 25. g3 Nxf2 26. Rxf2 Rxd2 27. Rxd2 Ne4 28. Bf1 Nxd2 29. Qxd2 Rd8 30. Qc2 Qb6 31. Bd3 Bxf2+ 0-1

[Event "Scarborough CC Jack Frost"]
[Site "Toronto"]
[Date "2012.01.05"]
[Round "1"]
[White "Nasirov, Ilyas"]
[Black "Stavropoulos, Greg"]
[Result "1/2-1/2"]
[WhiteElo "2045"]
[BlackElo "1757"]
[PlyCount "54"]
[EventDate "2012.01.05"]
[EventType "swiss"]
[EventRounds "6"]
[EventCountry "CAN"]
[SourceTitle "EXT 2022"]
[Source "ChessBase"]
[SourceDate "2021.10.06"]
[SourceVersion "1"]
[SourceVersionDate "2021.10.06"]
[SourceQuality "1"]

1. d4 Nf6 2. c4 c5 3. e3 g6 4. Nc3 Bg7 5. Nf3 0-0 6. Be2 d5 7. dxc5 dxc4 8. Qxd8 Rxd8 9. Bxc4 Nbd7 10. c6 bxc6 11. 0-0 Nb6 12. Bb3 c5 13. e4 Ba6 14. Re1 Bd3 15. Bg5 c4 16. Bd1 h6 17. Bxf6 Bxf6 18. e5 Bg7 19. Rc1 h5 20. Be2 Bh6 21. Ra1 Rab8 22. b3 Rbc8 23. bxc4 Nxc4 24. Bxd3 Rxd3 25. Ne4 Ra3 26. Re2 Nb6 27. Rd1 Rc1 1/2-1/2

[Event "Scarborough CC-ch"]
[Site "Toronto"]
[Date "2011.04.07"]
[Round "7"]
[White "Casareno, Erwin"]
[Black "Nasirov, Ilyas"]
[Result "1-0"]
[WhiteElo "2165"]
[BlackElo "2142"]
[PlyCount "117"]
[EventDate "2011.02.24"]
[EventType "tourn"]
[EventRounds "9"]
[EventCountry "CAN"]
[SourceTitle "EXT 2022"]
[Source "ChessBase"]
[SourceDate "2021.10.06"]
[SourceVersion "1"]
[SourceVersionDate "2021.10.06"]
[SourceQuality "1"]

1. e4 e6 2. d4 d5 3. Nc3 Bb4 4. e5 c5 5. a3 Bxc3+ 6. bxc3 Nc6 7. Qg4 Nge7 8. Qxg7 Rg8 9. Qxh7 cxd4 10. f4 Qa5 11. Ne2 Bd7 12. Qd3 Nf5 13. Bd2 Qb6 14. cxd4 Ncxd4 15. Nxd4 Qxd4 16. Qxd4 Nxd4 17. Ra2 Rc8 18. c3 Nb3 19. Rb2 Nc5 20. Be3 b6 21. Bd4 Ne4 22. Ba6 Rc7 23. Bd3 Nc5 24. Bb1 Na4 25. Rf2 Nxc3 26. Rc2 Nb5 27. Rxc7 Nxc7 28. Kf2 Bc6 29. Rc1 Kd7 30. h4 Rg4 31. g3 Rg8 32. Bd3 Nb5 33. Bb2 Nc7 34. h5 Rh8 35. g4 a5 36. Kg3 b5 37. Bc3 d4 38. Bxd4 Nd5 39. Rc5 Rb8 40. h6 Rh8 41. g5 Ne7 42. Kg4 Rb8 43. h7 Rh8 44. Rc2 Nf5 45. Bxf5 exf5+ 46. Kxf5 Rxh7 47. Bc3 Rh3 48. Bxa5 Rxa3 49. Rd2+ Kc8 50. Bb4 Rb3 51. Rd4 Bd7+ 52. Kf6 Rf3 53. Kxf7 Kc7 54. e6 Bc6 55. e7 Re3 56. Bd6+ Kb6 57. Be5 Kc5 58. Rd2 b4 59. Bd4+ 1-0

[Event "Scarborough CC-ch"]
[Site "Toronto"]
[Date "2011.02.24"]
[Round "1"]
[White "Pedersen, Rune Linnebo"]
[Black "Nasirov, Ilyas"]
[Result "1-0"]
[WhiteElo "2303"]
[BlackElo "2142"]
[PlyCount "59"]
[EventDate "2011.02.24"]
[EventType "tourn"]
[EventRounds "9"]
[EventCountry "CAN"]
[SourceTitle "EXT 2022"]
[Source "ChessBase"]
[SourceDate "2021.10.06"]
[SourceVersion "1"]
[SourceVersionDate "2021.10.06"]
[SourceQuality "1"]

1. e4 e6 2. d4 d5 3. exd5 exd5 4. c4 Nf6 5. Nc3 c6 6. Bd3 Be7 7. Nge2 0-0 8. 0-0 dxc4 9. Bxc4 Bf5 10. Ng3 Bg6 11. f4 b5 12. Bb3 b4 13. f5 bxc3 14. fxg6 hxg6 15. bxc3 Bd6 16. Qd3 Kh7 17. Bg5 Nbd7 18. Ne4 Be7 19. Qh3+ Kg8 20. Qh4 Re8 21. Bxf6 gxf6 22. Bxf7+ Kg7 23. Bxe8 Qxe8 24. Rae1 Qd8 25. Qg4 Nf8 26. Ng3 Kf7 27. h4 f5 28. h5 Bf6 29. hxg6+ Nxg6 30. Qxf5 1-0